000 00675nam a2200229Ia 4500
005 20250108124818.0
008 008 250107s9999 xx 000 0 eng d
020 _a978-93-85346-11-8
037 _aTB
040 _aCRL
_beng
_cCRL
041 _aeng
_2eng
084 _aO152,3N4815x Q6
084 _qCRL
100 _aThareja Reema (Shyama Prasad) Au.
_9729902
245 0 _aArtificial intellingence for CBSE class X
_cThareja Reema (Shyama Prasad) Au.
260 _aChennai, India
_bUniversities Press
_c2281
300 _axii,296p.
365 _aINR
_b100
650 _aENGINEERING
942 _cTB
_hO152,3N4815x Q6
999 _c1234669
_d1234669